000 00694nam a2200217 i 4500
001 76844
003 ES-MaACL
005 20240420063030.0
007 t|
008 041005s1985 sp ||||1| spa d
020 _a84-00-05920-4
100 1 _aGullón, Ricardo,
_d1908-1991
_960938
245 1 3 _aLa juventud de Leopoldo Panero /
_cRicardo Gullón.
260 _aLeón :
_bDiputación Provincial de León,
_c1985.
300 _a111 p., 10 lám. ;
_c21 cm.
490 1 _aBreviarios de la calle del Pez ;
_v5
830 0 _aBreviarios de la calle del Pez ;
_v5
_9183200
852 _aES-MaACL
_jL-8754
_bR.108490
852 _aES-MaACL
_jL-9516
_bR.111454
999 _c76844
_d76844